000
00344pab a2200145 454500
008
180718b1984 xxu||||| |||| 00| 0 eng d
100
_a
Rao, P.S.
245
_a
Condition monitoring - the latest maintenance technique
260
_c
1984
300
_a
43-8
362
_a
Jan.
650
_a
Maintenance
773
_a
Lok Udyog
909
_a
12946
999
_c
12946
_d
12946